| 000 | 01194cam a2200349 i 4500 | ||
|---|---|---|---|
| 001 | 410597 | ||
| 005 | 20260126140627.0 | ||
| 008 | 801030s1982 maua b 001 0 eng | ||
| 010 | _a 80026718 | ||
| 020 |
_a0201000369 : _c$27.95 (est.) |
||
| 020 | _a9780201000368 | ||
| 035 | _a410597 | ||
| 040 |
_aDLC _cDLC _dDLC |
||
| 050 | 0 | 0 |
_aTA165 _b.B38 1982 |
| 082 | 0 | 0 |
_a620.0044 BEC'M _219 |
| 100 | 1 |
_aBeckwith, T. G. _q(Thomas G.) |
|
| 245 | 1 | 0 |
_aMechanical measurements / _cThomas G. Beckwith, N. Lewis Buck, Roy D. Marangoni. |
| 250 | _a3d ed. | ||
| 260 |
_aReading, Mass. : _bAddison-Wesley Pub. Co., _cc1982. |
||
| 300 |
_axvi, 730 p. : _bill. ; _c24 cm. |
||
| 336 |
_atext _btxt _2rdacontent |
||
| 337 |
_aunmediated _bn _2rdamedia |
||
| 338 |
_avolume _bnc _2rdacarrier |
||
| 504 | _aIncludes bibliographical references and index. | ||
| 650 | 0 | _aEngineering instruments. | |
| 650 | 0 | _aMeasuring instruments. | |
| 700 | 1 |
_aBuck, N. Lewis _q(Nelson Lewis), _ejoint author. _9132905 |
|
| 700 | 1 |
_aMarangoni, Roy D., _ejoint author. |
|
| 906 |
_a7 _bcbc _corignew _du _eocip _f19 _gy-gencatlg |
||
| 942 |
_2ddc _cBK |
||
| 999 |
_c615926 _d615926 |
||